| 000 | 00608nam a2200217Ia 4500 | ||
|---|---|---|---|
| 003 | GCL | ||
| 008 | 140319s9999 xx 000 0 eng d | ||
| 040 |
_aGCL / _cGCL |
||
| 082 | 0 | 4 |
_a903 _bR A |
| 100 | 1 | _aSTANFORD, MICHAEL | |
| 245 | 1 | 0 |
_aA FIRST DICTIONARY OF CULTURAL LITERACY: WHAT OUR CHILDREN NEED TO KNOW / _cSTANFORD, MICHAEL |
| 700 | 1 | _aROLAND, WILLIAM G | |
| 260 |
_a[S.N] : _bHOUGHTON MIFFLIN COMPANY ، _c1991 |
||
| 300 | _a271 P | ||
| 650 | 0 | 4 | _aCIVILIZATION |
| 650 | 0 | 4 | _aJUVENILE |
| 650 | 0 | 4 | _aUNITED STATES |
| 650 | 0 | 4 | _aDICTIONARIES |
| 650 | 0 | 4 | _aENGLISH LANGUAGE |
| 942 |
_2ddc _cBK |
||
| 999 |
_c13469 _d13469 |
||